Health, safety, and nutrition for the young child / (Record no. 4176)
[ view plain ]
| 000 -LEADER | |
|---|---|
| fixed length control field | 00803cam a22002414a 4500 |
| 001 - CONTROL NUMBER | |
| control field | 13546743 |
| 005 - DATE AND TIME OF LATEST TRANSACTION | |
| control field | 20250223113218.0 |
| 008 - FIXED-LENGTH DATA ELEMENTS--GENERAL INFORMATION | |
| fixed length control field | 040402s2005 at a b 001 0 eng |
| 020 ## - INTERNATIONAL STANDARD BOOK NUMBER | |
| International Standard Book Number | 140183700X (alk. paper) |
| 050 00 - LIBRARY OF CONGRESS CALL NUMBER | |
| Classification number | RJ101 |
| Item number | .M347 2005 |
| 082 00 - DEWEY DECIMAL CLASSIFICATION NUMBER | |
| Classification number | 649/.1 |
| Edition information | 22 |
| 100 1# - MAIN ENTRY--PERSONAL NAME | |
| Personal name | Marotz, Lynn R. |
| 245 10 - TITLE STATEMENT | |
| Title | Health, safety, and nutrition for the young child / |
| Statement of responsibility, etc. | Lynn R. Marotz, Marie Z. Cross, Jeanettia M. Rush. |
| 250 ## - EDITION STATEMENT | |
| Edition statement | 6th ed. |
| 260 ## - PUBLICATION, DISTRIBUTION, ETC. | |
| Place of publication, distribution, etc. | Australia ; |
| -- | Clifton Park, NY : |
| Name of publisher, distributor, etc. | Thomson Delmar Learning, |
| Date of publication, distribution, etc. | c2005. |
| 300 ## - PHYSICAL DESCRIPTION | |
| Extent | xvii, 558 p. : |
| Other physical details | col. ill. ; |
| Dimensions | 25 cm. |
| 650 #0 - SUBJECT ADDED ENTRY--TOPICAL TERM | |
| Topical term or geographic name entry element | Children |
| General subdivision | Health and hygiene. |
| 650 #0 - SUBJECT ADDED ENTRY--TOPICAL TERM | |
| Topical term or geographic name entry element | Children |
| General subdivision | Nutrition. |
| 650 #0 - SUBJECT ADDED ENTRY--TOPICAL TERM | |
| Topical term or geographic name entry element | Children's accidents |
| General subdivision | Prevention. |
| 700 1# - ADDED ENTRY--PERSONAL NAME | |
| Personal name | Cross, Marie Z. |
| 700 1# - ADDED ENTRY--PERSONAL NAME | |
| Personal name | Rush, Jeanettia M. |
| 942 ## - ADDED ENTRY ELEMENTS (KOHA) | |
| Source of classification or shelving scheme | Library of Congress Classification |
| Koha item type | Books |
| Edition | 6th ed. |
| Suppress in OPAC | No |
| 999 ## - | |
| -- | 4176 |
| -- | 4176 |
| Withdrawn status | Lost status | Source of classification or shelving scheme | Damaged status | Not for loan | Collection | Home library | Current library | Shelving location | Date acquired | Total checkouts | Full call number | Barcode | Date last seen | Copy number | Price effective from | Koha item type |
|---|---|---|---|---|---|---|---|---|---|---|---|---|---|---|---|---|
| Library of Congress Classification | Non-fiction | Science Library (Miotso) | Science Library (Miotso) | General stacks | 02/23/2025 | RJ101 .M347 MAR | SLM00003769 | 02/23/2025 | 1 | 02/23/2025 | Books |